Normal view
MARC view
Entry Corporate Name
001 - CONTROL NUMBER
- control field: 29372
003 - CONTROL NUMBER IDENTIFIER
- control field: dpl
005 - DATE AND TIME OF LATEST TRANSACTION
- control field: 20110711105705.0
008 - FIXED-LENGTH DATA ELEMENTS
- fixed length control field: 110711|||a|||||| | ||| d
040 ## - CATALOGING SOURCE
- Original cataloging agency: dpl
- Transcribing agency: dpl
110 ## - HEADING--CORPORATE NAME
- Corporate name or jurisdiction name as entry element: National Folklore Support Centre (India)
670 ## - SOURCE DATA FOUND
- Source citation: Work cat.: (dpl)0: Indian folklife :
670 ## - SOURCE DATA FOUND
- Source citation: Work cat.: (dpl)0: Indian folklife :
